-
Pyiee Dr. M.U. and George, A Semon
Entry Personal Name
Number of records used in: 1
001 - CONTROL NUMBER
003 - CONTROL NUMBER IDENTIFIER
005 - DATE AND TIME OF LATEST TRANSACTION
- control field:
20160616141500.0
008 - FIXED-LENGTH DATA ELEMENTS
- fixed length control field:
160616|| aca||aabn | a|a d
040 ## - CATALOGING SOURCE
- Original cataloging agency:
OSt
- Transcribing agency:
OSt
100 ## - HEADING--PERSONAL NAME
- Personal name:
Pyiee Dr. M.U. and George, A Semon
670 ## - SOURCE DATA FOUND
- Source citation:
Work cat.: (OSt): Pyiee Dr. M.U. and George, A Semon, Industrial Relations and personal Mgt., 2004